000 00860nam a22002897a 4500
001 BR9508685
003 BR-BrBNA
005 20230928094742.0
007 ta
008 230509b bl.||||| |||| 00| 0 por d
040 _aBR-BrBNA
_bpor
_cBiblioteca Nacional de Agricultura
041 _a(Por)
072 _aH10
_b0230
_b0150
_b4020
090 _ 0230 BR9508685
110 1 _aEmpresa de Assistencia Tecnica e Extensao Rural do Estado de Mato Grosso, Cuiaba (Brasil)
_94017
245 1 _aConsideracoes tecnicas sobre o combate ao gafanhoto (Rhammatocerus pictus)em Mato Grosso
260 3 _aCuiaba, MT (Brasil):
_c1984.
300 _a25 p.
650 _aCana de Acucar
650 _aArroz
650 _aGafanhoto
650 _aInseticida
650 _aPulverizacao
650 _aMato Grosso
909 _a202309
_bLucia
_c55
_dLucia Elande
942 _cBK
999 _c52443
_d52443